Universities charging high overhead rates could be at disadvantage under NIH Plan (Record no. 78784)

MARC details
000 -CABECERA
campo de control de longitud fija 00681nam a2200241 a 4500
005 - FECHA Y HORA DE LA ÚLTIMA TRANSACCIÓN
campo de control 20210219153516.0
008 - ELEMENTOS DE LONGITUD FIJA--INFORMACIÓN GENERAL
campo de control de longitud fija 991125n 000 0 u
035 ## - NÚMERO DE CONTROL DEL SISTEMA
Número de control de sistema UPN01000104049
100 ## - ASIENTO PRINCIPAL--NOMBRE PERSONAL
Nombre de persona Cordes, Colleen
222 ## - TÍTULO CLAVE
Título clave CHRONICLE OF HIGHER EDUCATION
245 ## - MENCIÓN DE TÍTULO
Título Universities charging high overhead rates could be at disadvantage under NIH Plan
300 ## - DESCRIPCIÓN FÍSICA
Extensión A1, 19
362 ## - FECHAS DE PUBLICACIÓN Y/O DESIGNACIÓN SECUENCIAL
Fecha de publicación y/o designación secuencial 37, No. 48, 1991
505 ## - NOTA DE CONTENIDO CON FORMATO PREESTABLECIDO
Nota de contenido con formato Enero 1992
653 0# - TERMINO DE INDIZACION - NO CONTROLADO
Término no controlado AGENCIAS PUBLICAS
653 0# - TERMINO DE INDIZACION - NO CONTROLADO
Término no controlado AYUDA FEDERAL
653 0# - TERMINO DE INDIZACION - NO CONTROLADO
Término no controlado COMPETENCIA
653 0# - TERMINO DE INDIZACION - NO CONTROLADO
Término no controlado FUNCIONAMIENTO DE GASTOS
653 0# - TERMINO DE INDIZACION - NO CONTROLADO
Término no controlado INVESTIGACION EDUCATIVA
653 0# - TERMINO DE INDIZACION - NO CONTROLADO
Término no controlado OTORGACIONES
904 ## - ELEMENTOS DE DATOS D LOCAL, LDD (RLIN)
a AC
b 041860
905 ## - TIPO DE MATERIAL
Tipo de material Articulo

No items available.